Catálogo - Centro de Recursos para el Aprendizaje y la Investigación
Volver al Sitio - CRAI Biblioteca| 000 -CABECERA | |
|---|---|
| campo de control de longitud fija | 01383nam a2200313 4500 |
| 001 - NÚMERO DE CONTROL | |
| campo de control | 114267 |
| 003 - IDENTIFICADOR DEL NÚMERO DE CONTROL | |
| campo de control | DR-UNIBE |
| 005 - FECHA Y HORA DE LA ÚLTIMA TRANSACCIÓN | |
| campo de control | 20251210095734.0 |
| 008 - DATOS DE LONGITUD FIJA--INFORMACIÓN GENERAL | |
| campo de control de longitud fija | 251203b2025 dr ||||| |||| 00| 1 spa d |
| 020 ## - NÚMERO INTERNACIONAL ESTÁNDAR DEL LIBRO | |
| Número Internacional Estándar del Libro | 9789945950946 |
| 040 ## - FUENTE DE LA CATALOGACIÓN | |
| Centro catalogador/agencia de origen | BIBLIOTECA UNIBE |
| Centro/agencia transcriptor | BIBLIOTECA UNIBE |
| Normas de descripción | rda |
| Lengua de catalogación | spa |
| 041 ## - CÓDIGO DE LENGUA | |
| Código de lengua del texto/banda sonora o título independiente | spa |
| 090 ## - LOCALMENTE ASIGNADO TIPO-LC NÚMERO DE CLASIFICACIÓN (OCLC); NÚMERO DE CLASIFICACIÓN LOCAL (RLIN) | |
| Número de clasificación (OCLC) (R) ; Numero de clasificación, CALL (RLIN) (NR) | FBIU-EAN CJ SA113m |
| 100 10 - ENTRADA PRINCIPAL--NOMBRE DE PERSONA | |
| Nombre de persona | Sabaris, Arlene |
| 9 (RLIN) | 152659 |
| Término indicativo de función/relación | autor |
| 245 13 - MENCIÓN DE TÍTULO | |
| Título | El misterio de la cascada / |
| Mención de responsabilidad, etc. | Arlene Sabaris ; ilustraciones: Taína Almodóvar ; diseño y maquetación: Karina Chávez ; corrección de estilo: Lauristely Peña Solano |
| 250 ## - MENCIÓN DE EDICIÓN | |
| Mención de edición | Primera edición |
| 260 ## - PUBLICACIÓN, DISTRIBUCIÓN, ETC. | |
| Lugar de publicación, distribución, etc. | Santo Domingo : |
| Nombre del editor, distribuidor, etc. | Editorial Anticanon Infantil |
| Fecha de publicación, distribución, etc. | 2025 |
| 300 ## - DESCRIPCIÓN FÍSICA | |
| Extensión | 41 páginas : |
| Otras características físicas | ilustraciones a color ; |
| Dimensiones | 22 x 22 cm |
| 500 ## - NOTA GENERAL | |
| Nota general | Comentario de la obra en la contraportada, datos del autor e ilustrador al final de la obra, incluye actividades para realizar alusivas al cuento |
| 653 #7 - TÉRMINO DE INDIZACIÓN--NO CONTROLADO | |
| Término no controlado | Cuento juvenil dominicano |
| 653 #7 - TÉRMINO DE INDIZACIÓN--NO CONTROLADO | |
| Término no controlado | Literatura juvenil dominicana |
| 653 #7 - TÉRMINO DE INDIZACIÓN--NO CONTROLADO | |
| Término no controlado | Hadas - Cuentos juveniles dominicanos |
| 653 #7 - TÉRMINO DE INDIZACIÓN--NO CONTROLADO | |
| Término no controlado | Amistad - Cuentos juveniles dominicanos |
| 653 #7 - TÉRMINO DE INDIZACIÓN--NO CONTROLADO | |
| Término no controlado | Colores - Cuentos infantiles domincanos |
| 700 10 - PUNTO DE ACCESO ADICIONAL--NOMBRE DE PERSONA | |
| Nombre de persona | Almodóvar Gil, Taína Mariel |
| 9 (RLIN) | 60989 |
| Término indicativo de función/relación | ilustrador |
| 700 10 - PUNTO DE ACCESO ADICIONAL--NOMBRE DE PERSONA | |
| Nombre de persona | Chávez, Karina |
| 9 (RLIN) | 152663 |
| Término indicativo de función/relación | diseñador |
| -- | maquetación |
| 700 10 - PUNTO DE ACCESO ADICIONAL--NOMBRE DE PERSONA | |
| Nombre de persona | Peña Solano, Lauristely, |
| Fechas asociadas al nombre | 1989- |
| 9 (RLIN) | 152656 |
| Término indicativo de función/relación | corrector de estilo |
| 942 ## - ELEMENTOS DE PUNTO DE ACCESO ADICIONAL (KOHA) | |
| Fuente del sistema de clasificación o colocación | Sistema de Clasificación Decimal Dewey |
| Tipo de ítem Koha | Libro (general) |
| Estado de retiro | Estado de pérdida | Fuente del sistema de clasificación o colocación | No para préstamo | Código de colección | Localización permanente | Fecha de adquisición | Total de préstamos | Signatura topográfica completa | Código de barras | Fecha visto por última vez | Número de copia | Precio válido a partir de | Tipo de ítem Koha |
|---|---|---|---|---|---|---|---|---|---|---|---|---|---|
| Disponible | Sistema de Clasificación Decimal Dewey | No se presta | Fondo Bibliográfico IBBY-UNIBE | Biblioteca Central UNIBE | 11/10/2025 | FBIU-EAN CJ SA113m | FBIU0915 | 03/12/2025 | EJ.1 | 03/12/2025 | Libro (reserva) |